Boletín de la Junta Auxiliar Jalisciense de la Sociedad Mexicana de Geografía y Estadística : tomo 9, septiembre-diciembre 1950, núemro 3 /

Este número está dedicado al Centenario de la imprenta en Lagos, Jalisco, de 1850 a 1950; El señor general Bernardo Reyes; nómina completa de abogados neogallegos de 1720 a 1770, y Descripción de la provincia de los apóstoles San Pedro y San Pablo de Michoacán.

Furkejuvvon:
Bibliográfalaš dieđut
Eará dahkkit: Delgado Román, Ricardo (dirección) (dirección)
Materiálatiipa: Girji
Giella:espánnjágiella
Fáttát:
Fáddágilkorat: Lasit fáddágilkoriid
Eai fáddágilkorat, Lasit vuosttaš fáddágilkora!

MARC

LEADER 00000nam^a2200000^a^4500
001 000118515
005 20250521000000.0
009 20260310094244.367
037 |a Acervo ITESO - Biblioteca 
041 |a ESP 
082 |a 972. 35005  |b BOL 1950 V. 9 T. 3 
240 1 1 |a [Boletín de la Junta Auxiliar Jalisciense de la Sociedad Mexicana de Geografía y Estadística] 
245 0 0 |a Boletín de la Junta Auxiliar Jalisciense de la Sociedad Mexicana de Geografía y Estadística :  |b tomo 9, septiembre-diciembre 1950, núemro 3 /  |c Dir. de R. Delgado Román. 
264 |a Guadalajara, México :  |b Sociedad Mexicana de Geografía y Estadística, Junta Auxiliar Jalisciense,  |c 1950 
300 |a 1 v. (varias paginaciones) 
336 |a texto  |b txt  |2 rdacontenido 
337 |a sin mediación  |b n  |2 rdamedio 
338 |a volumen  |b nc  |2 rdasoporte 
520 |a Este número está dedicado al Centenario de la imprenta en Lagos, Jalisco, de 1850 a 1950; El señor general Bernardo Reyes; nómina completa de abogados neogallegos de 1720 a 1770, y Descripción de la provincia de los apóstoles San Pedro y San Pablo de Michoacán. 
649 |a XX 
650 |a Jalisco -  |x Historia -  |x Publicaciones Periódicas 
650 |a Militares Jaliscienses -  |x Biografías 
650 |a Militares Mexicanos -  |x Memorias 
650 |a Abogados Españoles 
650 |a Numismática -  |z Jalisco 
650 |a Numismática -  |z México 
650 |a Franciscanos en Michoacán -  |x Historia 
650 |a Monasticismo y Ordenes Religiosas -  |z Michoacán -  |x Historia 
650 |a Iglesia Católica en Michoacán -  |x Historia 
650 |a Derecho -  |z Guadalajara, Jalisco -  |x Historia 
650 |a Guadalajara, Jalisco -  |x Historia -  |y Siglo XVII 
650 |a México -  |x Historia -  |y Siglo XVIII 
700 |a Delgado Román, Ricardo  |e (dirección) 
910 |a Fondo Salvador Reynoso Reynoso 
920 |a Impresos - Libros 
930 |a Fondos Especiales 
905 |a 112 
901 |a 0800004805  |b IT2  |c ESP  |u 20250521 
901 |a 0800004808  |b IT2  |c ESP  |u 20250521 
901 |a 0800004811  |b IT2  |c ESP  |u 20250521 
902 |a https://opac.biblio.iteso.mx/vufind/Record/000118515